| 000 | 00450nam a22001817a 4500 | ||
|---|---|---|---|
| 003 | CEME | ||
| 005 | 20210628202315.0 | ||
| 008 | 210114b xxu||||| |||| 00| 0 eng d | ||
| 020 | _a9780070436404 | ||
| 040 | _c. | ||
| 082 | _a621.314 DAS | ||
| 100 |
_aDasgupta, Indrajit _959262 |
||
| 245 | _aDesign of transformers | ||
| 260 |
_aINDIA _bMCGRAW HILL _c2015 |
||
| 300 | _aXXI, 537P | ||
| 650 |
_aTRANSFORMERS - DESIGN. _959263 |
||
| 942 |
_cBK _2ddc |
||
| 999 |
_c569282 _d569282 |
||